000 00761nam a22002657a 4500
003 CHAP
005 20220329135221.0
008 971013s1971 r 00010 d
010 _a32771
011 _a33743
035 _a37859
040 _cCHAP
082 _a636.1
_bN6Y
100 0 0 _aNordby, Julius Edward.
_981719
245 _aSelección, preparación y exposición de caballos
260 _aBuenos Aires :
_bAlbatros,
_c1971
300 _a155 p.
_b: ilus.
590 _aBATCH-UPD
_b10
_c20130110
_lUCH01
_h1913
590 _aCONVERSION
_b10
_c20130109
_lUCH01
_h1318
650 1 4 _aGanado caballar.
_944967
700 0 _aLattig, Herbert E.
_965089
901 _aBK
942 _cLIBRO
949 _a636.1 N6Y
_bBC
_cMUT
_d-86730
_eMUT
_fc.6
_h31978
_i37859
_si
999 _c32771
_d32771